| Tag |
First Indicator |
Second Indicator |
Subfields |
| LEADER |
00000cam a22000001a 4500 |
| 001 |
in00003374939 |
| 006 |
m d f |
| 007 |
cr bn mmmapmmp |
| 008 |
100715s1996 dcu o f000 0 eng d |
| 005 |
20260429205000.6 |
| 035 |
|
|
|a cis2007889945
|
| 040 |
|
|
|a ProQuest
|c ProQuest
|d UtOrBLW
|
| 043 |
|
|
|a n-us---
|
| 099 |
|
|
|a CRS-1996-ENR-0012
|
| 110 |
2 |
|
|a Library of Congress.
|b Congressional Research Service.
|
| 245 |
1 |
0 |
|a Farm Bill Issues :
|b Agricultural Credit.
|
| 264 |
|
1 |
|a [Place of publication not identified] :
|b [publisher not identified],
|c 1996.
|
| 300 |
|
|
|a 1 online resource.
|
| 336 |
|
|
|a text
|b txt
|2 rdacontent
|
| 337 |
|
|
|a computer
|b c
|2 rdamedia
|
| 338 |
|
|
|a online resource
|b cr
|2 rdacarrier
|
| 500 |
|
|
|a Record is based on bibliographic data in ProQuest U.S. Congressional Research Digital Collection (last viewed July 2010). Reuse except for individual research requires license from ProQuest, LLC.
|
| 500 |
|
|
|a CRS Report.
|
| 520 |
|
|
|a Reviews farm credit issues and related action in the 104th Congress, particularly the Farm Credit System Regulatory Relief Act of 1995, which addresses "Farmer Mac" (the Federal Agricultural Mortgage Corp.), the Farm Credit System, and various Agriculture Department farm loan issues.
|
| 500 |
|
|
|a Electronic resource.
|
| 610 |
2 |
0 |
|a Federal Agricultural Mortgage Corporation (U.S.)
|
| 650 |
|
0 |
|a Agricultural credit.
|
| 650 |
|
0 |
|a Finance
|x Law and legislation.
|
| 655 |
|
7 |
|a Electronic books.
|2 local
|
| 710 |
2 |
|
|a ProQuest (Firm)
|
| 776 |
0 |
8 |
|i Microfiche version:
|a Library of Congress. Congressional Research Service.
|t Farm Bill Issues
|
| 830 |
|
0 |
|a U.S. Congressional Research.
|
| 856 |
4 |
0 |
|u http://proxy.library.tamu.edu/login?url=https://congressional.proquest.com/congcomp/getdoc?CRDC-ID=CRS-1996-ENR-0012
|z Connect to the full text of this electronic book
|t 0
|
| 999 |
|
|
|a MARS
|
| 999 |
f |
f |
|s ebf62c4d-fd9b-31a9-8479-f23863bc821d
|i 4b25b8bb-1068-3f27-a3d5-bf2daa1c15b0
|t 0
|
| 952 |
f |
f |
|a Texas A&M University
|b College Station
|c Electronic Resources
|s www_evans
|d Available Online
|t 0
|e CRS-1996-ENR-0012
|h Other scheme
|
| 998 |
f |
f |
|a CRS-1996-ENR-0012
|t 0
|l Available Online
|